International trade union seminar on active manpower policy
Gorde:
| Formatua: | Liburua |
|---|---|
| Hizkuntza: | Undetermined |
| Argitaratua: |
Paris
Organization for Economic Co-Operation and Development
1964
|
| Gaiak: | |
| Etiketak: |
Etiketa erantsi
Etiketarik gabe, Izan zaitez lehena erregistro honi etiketa jartzen!
|
| Thư viện lưu trữ: | Trung tâm Học liệu Trường Đại học Cần Thơ |
|---|
| LEADER | 00465nam a2200145Ia 4500 | ||
|---|---|---|---|
| 001 | CTU_78755 | ||
| 008 | 210402s9999 xx 000 0 und d | ||
| 082 | |a 331.88 | ||
| 082 | |b I.61 | ||
| 245 | 0 | |a International trade union seminar on active manpower policy | |
| 260 | |a Paris | ||
| 260 | |b Organization for Economic Co-Operation and Development | ||
| 260 | |c 1964 | ||
| 650 | |a International labor activities | ||
| 980 | |a Trung tâm Học liệu Trường Đại học Cần Thơ | ||